[Event "AUTO-INT-1127"]
[Site "http://www.queenalice.com/game.php?id=504107"]
[Date "2008.12.6"]
[Round "1"]
[White "elaprendiz"]
[Black "Hebert29"]
[Result "0-1"]
[WhiteElo "1446"]
[BlackElo "1494"]

1. d4 g6 2. c4 d6 3. e4 c6 4. Nf3 Bg7 5. Be2 Nh6 6. Nc3 a5 7. Bf4 Qd7 8. Rc1 O-O
9. Qd2 Ra6 10. c5 b5 11. O-O Rd8 0-1

[Event "AUTO-INT-1127"]
[Site "http://www.queenalice.com/game.php?id=504108"]
[Date "2008.12.6"]
[Round "1"]
[White "Hebert29"]
[Black "elaprendiz"]
[Result "1-0"]
[WhiteElo "1479"]
[BlackElo "1461"]

1. g3 d5 2. Bg2 e5 3. a4 Nf6 4. Ra3 Bxa3 5. Nxa3 O-O 6. Nf3 Nc6 7. e3 Bg4 8. h3
Bh5 9. c4 e4 10. Nd4 Bxd1 11. Kxd1 1-0

[Event "AUTO-INT-1127"]
[Site "http://www.queenalice.com/game.php?id=504109"]
[Date "2008.12.6"]
[Round "1"]
[White "elaprendiz"]
[Black "Attia"]
[Result "1-0"]
[WhiteElo "1695"]
[BlackElo "1556"]

1. d4 e6 2. c4 c6 3. e4 g6 4. Nf3 Bg7 5. Nc3 Ne7 6. Be2 O-O 7. Bg5 h6 8. Bf4 Na6
9. a3 d5 10. Qd2 c5 11. Bxh6 Bxh6 12. Qxh6 dxe4 13. Nxe4 Nf5 14. Qh3 cxd4 15.
Neg5 Kg7 16. Qh7+ Kf6 17. Rd1 e5 18. O-O Nc5 19. h4 e4 20. Nd2 e3 21. fxe3 dxe3
22. Nde4+ Nxe4 23. Rxd8 Rxd8 24. Nxe4+ Ke5 25. Ng5 Be6 26. Nxf7+ Bxf7 27. Qxf7
Ng3 28. Qf4+ Ke6 29. Qxg3 1-0

[Event "AUTO-INT-1127"]
[Site "http://www.queenalice.com/game.php?id=504110"]
[Date "2008.12.6"]
[Round "1"]
[White "Attia"]
[Black "elaprendiz"]
[Result "0-1"]
[WhiteElo "1517"]
[BlackElo "1668"]

1. e4 e5 2. Nf3 Nf6 3. Nc3 Nc6 4. Bb5 Bb4 5. d3 d6 6. Bc4 Bg4 7. O-O h6 8. Qe2
Nd4 9. Qe3 Nxf3+ 10. gxf3 Bh3 11. Rd1 Bc5 12. Qd2 Nh5 13. Qe2 Qf6 14. a3 Qg6+
15. Kh1 Qg2# 0-1

[Event "AUTO-ADV-1136"]
[Site "http://www.queenalice.com/game.php?id=504218"]
[Date "2008.12.7"]
[Round "1"]
[White "luizpessoa"]
[Black "elaprendiz"]
[Result "1-0"]
[WhiteElo "1809"]
[BlackElo "1467"]

1. e4 e5 2. Nf3 Nf6 3. Nxe5 d6 4. Nf3 Nxe4 5. Bc4 d5 6. Bb5+ c6 7. Bd3 Bg4 8. h3
Bh5 9. O-O Be7 10. c4 O-O 11. cxd5 cxd5 12. Re1 Nf6 13. Nc3 Nc6 14. Be2 Rc8 15.
d3 Re8 16. Be3 Bxf3 17. Bxf3 d4 18. Ne4 dxe3 19. Rxe3 Nxe4 20. Bxe4 Bg5 21. Rg3
Nd4 22. Qh5 Rxe4 23. dxe4 Be7 24. Qh6 Bf8 25. Re1 Rc6 26. Qe3 Nc2 27. Qe2 Nxe1
28. Qxe1 1-0

[Event "AUTO-ADV-1136"]
[Site "http://www.queenalice.com/game.php?id=504219"]
[Date "2008.12.7"]
[Round "1"]
[White "elaprendiz"]
[Black "luizpessoa"]
[Result "0-1"]
[WhiteElo "1470"]
[BlackElo "1806"]

1. d4 f5 2. c4 e6 3. e4 fxe4 4. Nc3 Bb4 5. Qg4 Bxc3+ 6. bxc3 g6 7. Qxe4 d6 8.
Nf3 Nf6 9. Qc2 O-O 10. Bh6 Rf7 11. Bd3 Kh8 12. Ng5 Re7 13. Bxg6 Qg8 14. Bd3 e5
15. O-O e4 16. Nxe4 Nxe4 17. Bxe4 Nc6 18. f4 Bg4 19. f5 Rae8 20. Bd5 Bxf5 21.
Qxf5 Qg6 22. Qf8+ Qg8 23. Qf6+ Qg7 24. Bxg7+ Rxg7 25. Rae1 Ne7 0-1